Comprender a los adolescentes.

Bibliographic Details
Main Author: Tessier, Gisele
Format: Libro
Language:English
Published: Barcelona, España Octaedro 2000
Edition:1a.ed.
Series:Repensar la educación 10
Subjects:
Online Access:

MARC

LEADER 00000cam a2200000 a 4500
001 002031
003 UAHC_CL
005 20170803115810.0
008 020507b xx j 000 1 eng
020 |a 848063443X 
040 |a UAHC_CL  |c UAHC_CL  |d UAHC_CL 
100 1 |a Tessier, Gisele 
245 1 0 |a Comprender a los adolescentes. 
250 |a 1a.ed. 
260 |b Octaedro  |c 2000  |a Barcelona, España 
300 |a 153 p. 
490 0 |a Repensar la educación  |v 10 
650 4 |a PSICOLOGIA DEL ADOLESCENTE 
900 |a 155.5 TES 
942 |c BK 
952 |0 0  |1 0  |4 0  |6 155_500000000000000_TES  |7 0  |8 General  |9 4643  |a BC  |b BC  |c General  |d 2017-08-03  |l 0  |o 155.5 TES  |p 1372702  |r 2026-01-07 00:00:00  |t 1  |w 2017-08-03  |y BK 
952 |0 0  |1 0  |4 0  |6 155_500000000000000_TES  |7 0  |8 General  |9 4644  |a BC  |b BC  |c General  |d 2017-08-03  |o 155.5 TES  |p 1323961  |r 2026-01-07 00:00:00  |t 2  |w 2017-08-03  |y BK 
999 |c 2031  |d 2031